000 01035cam a2200205 4500
001 ABS66736
008 030527n2003 000 0 eng u
035 _a(Sirsi) u122423
100 _aBessey, J.
245 _aGetting what you deserve
260 _c2003
490 _aBuilding
_v268(8278) 11 April 2003, 56(1)
520 _aDiscusses quantum meruit cases which have taken up a great deal of court time over recent years. Refers in particular to "A L Barnes Ltd v Time Talk (UK) Ltd" ([2003] EWCA Civ 402; [2003] BLR 331-339(9) where the latter was content to engage a shopfitting contractor to work on particular sites without agreeing a price for that work. After the predictable breakdown of the contract Time Talk reviewed the work of Barnes and found that a project manager retained and paid by Time Talk was also receiving payment from Barnes.
590 _aABS
650 _aAL BARNES LTD V TIME TALK (UK) LTD
650 _aQUANTUM MERUIT
650 _aFRAUD
690 _aPROJECT MANAGEMENT-CASE LAW
942 _n0
999 _c72769
_d72769